Obligations and contracts: laws, principles and jurisprudence (Record no. 364757)
[ view plain ]
| 000 -LEADER | |
|---|---|
| fixed length control field | 00537nam a22001817a 4500 |
| 003 - CONTROL NUMBER IDENTIFIER | |
| control field | 0 |
| 005 - DATE AND TIME OF LATEST TRANSACTION | |
| control field | 20220727130658.0 |
| 008 - FIXED-LENGTH DATA ELEMENTS--GENERAL INFORMATION | |
| fixed length control field | 220727b xxu||||| |||| 00| 0 eng d |
| 020 ## - INTERNATIONAL STANDARD BOOK NUMBER | |
| International Standard Book Number | 978-621-95242-9-2 |
| 050 ## - LIBRARY OF CONGRESS CALL NUMBER | |
| Classification number | DS685.5 |
| Item number | .D671 2020 |
| 245 ## - TITLE STATEMENT | |
| Title | Obligations and contracts: laws, principles and jurisprudence |
| Statement of responsibility, etc | Andrix D. Domingo |
| 250 ## - EDITION STATEMENT | |
| Edition statement | 4th ed. |
| 260 ## - PUBLICATION, DISTRIBUTION, ETC. (IMPRINT) | |
| Place of publication, distribution, etc | Baguio City |
| Name of publisher, distributor, etc | Coaching for results publishing |
| Date of publication, distribution, etc | 2020 |
| 300 ## - PHYSICAL DESCRIPTION | |
| Extent | 677pp. |
| Dimensions | 23cm. |
| Type of unit | Book |
| 500 ## - GENERAL NOTE | |
| General note | Constitutional law. |
| 500 ## - GENERAL NOTE | |
| General note | Philippines. |
| 942 ## - ADDED ENTRY ELEMENTS (KOHA) | |
| Source of classification or shelving scheme | Library of Congress Classification |
| Koha item type | Books |
| Withdrawn status | Lost status | Source of classification or shelving scheme | Damaged status | Home library | Current library | Shelving location | Date acquired | Source of acquisition | Total Checkouts | Full call number | Barcode | Date last seen | Date checked out | Price effective from | Koha item type | Coded location qualifier | Sub Shelving location | Total Renewals |
|---|---|---|---|---|---|---|---|---|---|---|---|---|---|---|---|---|---|---|
| Library of Congress Classification | College Library | College Library | Filipiniana Section | 07/27/2022 | Library Fund | 1 | DS685.5 .D671 2020 | C22783 | 11/18/2024 | 11/08/2024 | 07/27/2022 | Books | ||||||
| Library of Congress Classification | College Library | College Library | Filipiniana Section | 07/27/2022 | Library Fund | DS685.5 .D671 2020 | C22784 | 07/27/2022 | 07/27/2022 | Books | C22784 | |||||||
| Library of Congress Classification | College Library | College Library | Filipiniana Section | 07/27/2022 | Library Fund | 1 | DS685.5 .D671 2020 | C22785 | 10/09/2023 | 09/18/2023 | 07/27/2022 | Books | 5 |